000 00369nam a2200145Ia 4500
008 230711s9999||||xx |||||||||||||| ||und||
041 _aENG
082 _a677
_bPA-G
100 _aPattabhiram,TK
245 0 _aGlimpses of Indian textile industries
250 _a1st Ed.
260 _c1973
_aNew Delhi
_bMahajan Publication
650 _aTextile Engineering
942 _cBK
999 _c3655
_d3655